| 000 | 03529cam a22006854i 4500 | ||
|---|---|---|---|
| 003 | PE-LiUPU | ||
| 005 | 20250731180059.0 | ||
| 008 | 150206s2015 sp a rb 000 0 spa d | ||
| 020 | _a8494345117 | ||
| 020 | _a9788494345111 | ||
| 035 | _a(Sirsi) i9788494345111 | ||
| 040 |
_aSUE _bspa _cSUE _cPE-LiUPU _erda |
||
| 049 | _aPRUA | ||
| 082 | 0 | 4 |
_a620.9 _bM14 |
| 100 | 1 |
_aMadrid Cenzano, Ana, _eautor. |
|
| 245 | 1 | 0 |
_aManual técnico del cambio climático y las energías renovables : _bcon ejercicios prácticos resueltos / _cAna Madrid Cenzano. |
| 300 |
_a287 páginas : _bilustraciones ; _c24 centímetros. |
||
| 336 |
_atext _2rdacontent |
||
| 337 |
_aunmediated _2rdamedia |
||
| 338 |
_avolume _2rdacarrier |
||
| 505 | _aEl cambio climático: causas, consecuencias y soluciones -- La lluvia ácida, el efecto invernadero, la capa de ozono, el ciclo del carbono y la huella ecológia -- El efecto positivo de las energías renovables sobre el cambio climático -- Principales tipos de energías renovables -- Fuestes de energías. | ||
| 526 | _aSEG44 | ||
| 526 | _aSEG26 | ||
| 526 | _aP159 | ||
| 526 | _aP155 | ||
| 526 | _aP154 | ||
| 526 | _aP153 | ||
| 526 | _aP150 | ||
| 526 | _aP100 | ||
| 526 | _aP31 | ||
| 526 | _aP30 | ||
| 526 | _aP26 | ||
| 526 | _aP25 | ||
| 526 | _aP24 | ||
| 526 | _aP22 | ||
| 526 | _aP15 | ||
| 526 | _aP10 | ||
| 541 | _g0043-0021433; | ||
| 541 | _g002-00000831; | ||
| 541 | _gF001-0000830; | ||
| 650 | 0 | 4 | _aClima Cambios Aspecto del medio ambiente. |
| 650 | 0 | 4 | _aEnergías renovables Aspecto del medio ambiente. |
| 700 | 1 |
_aEsteire Gereca, Luis, _eautor. |
|
| 700 | 1 |
_aMadrid Cenzano, Javier, _eautor. |
|
| 910 |
_armch _btqv _cemss _d20160801 |
||
| 910 |
_armch _btqv _crmch _d20190117 |
||
| 910 |
_armch _bwelc _cwelc _d20190204 |
||
| 942 |
_2ddc _cBOOK |
||
| 949 |
_a551.6 M14 _wDEWEY _c1 _i74236 _d2016-10-23 _e2016-10-23 _lCCODEBUL1 _mBUL _n1 _p29.23 _r0 _sY _tBOOK _u2016-7-27 _xINGENIERIA _PP24 _0COMPRA _o.STAFF. Colección General |
||
| 949 |
_a620.9 M14 2015 _wDEWEY _c1 _iFJ01352 _lCCODEBUJ1 _mBUJ _p33.48 _r0 _sY _tBOOK _u2016-8-1 _xINGENIERIA _PP24 _0COMPRA _o.STAFF. Colección General Juliaca |
||
| 949 |
_a620.9 M14 2015 _wDEWEY _c2 _iFJ12358 _lCCODEBUJ1 _mBUJ _p29.50 _r0 _sY _tBOOK _u2019-01-17 _xINGENIERIA _PP24 _0COMPRA _o.STAFF. Colección General Juliaca |
||
| 949 |
_a620.9 M14 2015 _wDEWEY _c3 _iFJ12517 _lCCODEBUJ1 _mBUJ _p38.30 _r0 _sY _tBOOK _u2018-02-04 _xINGENIERIA _PP24 _0COMPRA _o.STAFF. Colección General Juliaca |
||
| 994 |
_aC0 _bPEPRU |
||
| 596 | _a1 3 | ||
| 999 |
_a551.6 M14 _wDEWEY _c11584 _i74236 _d11584 _e2019-6-11 _f2021-11-9 _g7 _lCCODEBUL1 _mBUL _n3 _p29.23 _r0 _sY _tBOOK _u2016-7-27 _xINGENIERIA _PP24 _0COMPRA _o.STAFF. Colección General |
||
| 999 |
_a620.9 M14 2015 _wDEWEY _c1 _iFJ01352 _d2018-3-26 _e2018-3-23 _f2022-1-25 _g4 _lCCODEBUJ1 _mBUJ _n1 _p33.48 _r0 _sY _tBOOK _u2016-8-1 _xINGENIERIA _PP24 _0COMPRA _o.STAFF. Colección General Juliaca |
||
| 999 |
_a620.9 M14 2015 _wDEWEY _c2 _iFJ12358 _d2019-8-23 _e2019-8-19 _f2022-1-25 _g4 _lCCODEBUJ1 _mBUJ _n2 _p29.50 _q2 _r0 _sY _tBOOK _u2019-1-17 _xINGENIERIA _PP24 _0COMPRA _1FCOMPR2 _o.STAFF. Colección General Juliaca |
||
| 999 |
_a620.9 M14 2015 _wDEWEY _c3 _iFJ12517 _f2022-1-25 _g4 _lCCODEBUJ1 _mBUJ _p38.30 _r0 _sY _tBOOK _u2019-2-4 _xINGENIERIA _PP24 _0COMPRA _1FCOMPR2 _o.STAFF. Colección General Juliaca |
||
| 264 |
_aMadrid : _bAMV, _c2015. |
||
| 980 |
_81 _gALBERTO SANCHEZ Responsable de Automatización |
||